| 000 | 00718nam a22002297a 4500 | ||
|---|---|---|---|
| 005 | 20170124110018.0 | ||
| 010 | _aA-707284 | ||
| 020 |
_c190.00 _a8171940927 |
||
| 035 | _aA-707284 | ||
| 037 | _bCen Lib/Ret | ||
| 040 |
_aDPL _bEN |
||
| 082 |
_a343.04 _bSIN |
||
| 100 |
_aSinghania, Vinod K _912242 |
||
| 245 |
_aTaxmann's direct taxes : _cby Vinod K. Singhania _blaw and practice / |
||
| 246 | _b | ||
| 260 |
_aNew Delhi _bTaxmann Pubications _c1994 |
||
| 270 |
_a59/32, New Rohtak Road _bNew Delhi _e110005 |
||
| 300 |
_axxiv,1003p. _c23cm(Hb) |
||
| 650 |
_aDirect taxation--Law and legislation _919054 |
||
| 650 |
_aWealth tax--Law and legislation _915022 |
||
| 942 |
_2ddc _cEN _h343.04 _mSIN |
||
| 999 |
_c126986 _d126986 |
||